| 000 | 01846cam a2200505 a 4500 | ||
|---|---|---|---|
| 001 | 22376 | ||
| 003 | VRT | ||
| 005 | 20260327081602.0 | ||
| 008 | 240606s1994 xo e 0000f slo | ||
| 015 | _aSNBA1994/05 | ||
| 020 |
_a8070942193 _q(viaz.) |
||
| 035 | _aSNK000017821 | ||
| 039 | 9 |
_a202407011423 _bAUTHORITY _c202407011421 _dAUTHORITY _c202407011348 _dAUTHORITY _c202406180904 _dmsnk180 |
|
| 040 |
_aSNK _bslo _cSNK _eAACR2 |
||
| 041 | 1 |
_aslo _heng |
|
| 044 |
_axo _cSK |
||
| 072 | 7 |
_a821.111-3 _xAnglická próza, anglicky písaná _2konspekt |
|
| 080 |
_a820-3 _21981 |
||
| 080 |
_a(0:82-312.5) _22011 |
||
| 080 |
_a82-311.4 _22011 |
||
| 100 | 1 |
_aCookson, Catherine, _d1906-1998 _4aut |
|
| 240 | 1 | 4 |
_aThe Wingless Bird _lSlovensky |
| 245 | 1 | 0 |
_aVták bez krídel _cCatherine Cookson ; prel. Vilma Šurinová, Ivan Krčméry, Jozef Genzor, Pavol Chorvát ; návrh prebalu a polepu Ján Hladík |
| 250 | _a1. vyd. | ||
| 260 |
_aBratislava _bPráca _c1994 _eTrnava _fPolygrafické závody |
||
| 300 |
_a337 s. _c20 cm |
||
| 490 | 1 |
_aTriumf _vzv. 2/94 |
|
| 655 | 7 |
_aanglické romány _2SNKPH |
|
| 655 | 7 |
_aľúbostné romány _2SNKPH |
|
| 655 | 7 |
_aspoločenské romány _2SNKPH |
|
| 700 | 1 |
_aŠurinová, Vilma, _d1922- _4trl |
|
| 700 | 1 |
_aKrčméry, Ivan, _d1921-1997 _4trl |
|
| 700 | 1 |
_aGenzor, Jozef, _d1939-2019 _4trl |
|
| 700 | 1 |
_aChorvát, Pavol _4trl |
|
| 700 | 1 |
_aHladík, Ján, _d1959- _4bjk |
|
| 830 | 0 | _aTriumf | |
| 942 |
_2ddc _cKLDO _n0 |
||
| 949 |
_617A0193481 _9P60, <05>, [BOOK], {605} _asnkSC 85740 D1 |
||
| 949 |
_64710700977 _91 _astrmkB _bstrmk2008/977 |
||
| 949 |
_6270001000022270 _asvkbbA 85759 _bsvkbbm 584331 _p584.331 |
||
| 949 |
_617A0995670 _asnkSC 85740 |
||
| 949 |
_6273K0196165 _asvkpoA 162175 _bsvkpo399631 _oPV 2020/94 |
||
| 999 |
_c22376 _d22376 |
||